Maly Szu (Lp Sx 2507) (Record n. 99593)
[ formato base ]
| 000 -LEADER | |
|---|---|
| fixed length control field | 02544njm a2200445Ia 4500 |
| 001 - CONTROL NUMBER | |
| control field | 73446 |
| 003 - CONTROL NUMBER IDENTIFIER | |
| control field | IT-RoPAU |
| 005 - DATE AND TIME OF LATEST TRANSACTION | |
| control field | 20220918181118.0 |
| 008 - FIXED-LENGTH DATA ELEMENTS--GENERAL INFORMATION | |
| fixed length control field | 131025s9999 xx 000 0 und d |
| 040 ## - CATALOGING SOURCE | |
| Original cataloging agency | IT-RoPAU |
| 040 ## - CATALOGING SOURCE | |
| Transcribing agency | IT-RoPAU |
| 041 ## - LANGUAGE CODE | |
| Language code of text/sound track or separate title | POLACCO |
| 999 ## - SYSTEM CONTROL NUMBERS (KOHA) | |
| Koha Dewey Subclass [OBSOLETE] | n.d. |
| 100 ## - MAIN ENTRY--PERSONAL NAME | |
| Personal name | AA.VV. |
| 9 (RLIN) | 794 |
| 100 ## - MAIN ENTRY--PERSONAL NAME | |
| Relator term | Autore musica |
| 9 (RLIN) | 25044 |
| 100 ## - MAIN ENTRY--PERSONAL NAME | |
| Miscellaneous information | Codice autore musica SPICS: 12000 |
| 9 (RLIN) | 796 |
| 245 ## - TITLE STATEMENT | |
| Title | Maly Szu (Lp Sx 2507) |
| 250 ## - EDITION STATEMENT | |
| Edition statement | 1a ed. |
| 260 ## - PUBLICATION, DISTRIBUTION, ETC. (IMPRINT) | |
| Place of publication, distribution, etc. | POLONIA |
| 260 ## - PUBLICATION, DISTRIBUTION, ETC. (IMPRINT) | |
| Name of publisher, distributor, etc. | MUZA |
| Date of publication, distribution, etc. | 1987 [1a Ed.:1987 - Ed. Lingua Orig.: 1987] |
| 300 ## - PHYSICAL DESCRIPTION | |
| Extent | DISCO |
| 300 ## - PHYSICAL DESCRIPTION | |
| Dimensions | 44 minuti (Testo: 0 pag.) |
| 500 ## - GENERAL NOTE | |
| General note | Musica leggera polacca. Canzone polacca |
| 505 ## - FORMATTED CONTENTS NOTE | |
| Formatted contents note | Wszystko Lub Nic (5:00) - Jesli Jestes (6:00) - Gdybys Byl Podniebnym Ptakiem (5:00) - Maly Szu (5:00) - Tonight I Celebrate My Love (4:00) - Dom. Pies I On (3:00) - W Drodze Do Fontainebleau (5:00) - Liryczny Taniec (5:00) - Cos Smiesznego (5:00) - Summer Nights (5:00) |
| 650 ## - SUBJECT ADDED ENTRY--TOPICAL TERM | |
| Topical term or geographic name as entry element | CANZONE POLACCA [DISCHI] |
| Relator term | Codice MATERIA SPICS: 9950 |
| 9 (RLIN) | 25045 |
| 700 ## - ADDED ENTRY--PERSONAL NAME | |
| Personal name | Kukulski J. |
| Dates associated with a name | Codice autore musica SPICS: 25065 |
| Relator term | Autore musica |
| Name of part/section of a work | Wszystko Lub Nic |
| 9 (RLIN) | 25046 |
| 700 ## - ADDED ENTRY--PERSONAL NAME | |
| Personal name | Kondratowicz J. |
| Dates associated with a name | Codice autore testo/musica SPICS: 25196 |
| Relator term | Autore testo/musica |
| Name of part/section of a work | Wszystko Lub Nic - W Drodze Do Fontainebleau - Cos Smiesznego |
| 9 (RLIN) | 25047 |
| 700 ## - ADDED ENTRY--PERSONAL NAME | |
| Personal name | Szularz Z. |
| Dates associated with a name | Codice autore musica SPICS: 25465 |
| Relator term | Autore musica |
| Name of part/section of a work | Jesli Jestes |
| 9 (RLIN) | 25048 |
| 700 ## - ADDED ENTRY--PERSONAL NAME | |
| Personal name | Bukowski J. |
| Dates associated with a name | Codice autore testo/musica SPICS: 25552 |
| Relator term | Autore testo/musica |
| Name of part/section of a work | Jesli Jestes - Gdybys Byl Podniebnym Ptakiem |
| 9 (RLIN) | 25049 |
| 700 ## - ADDED ENTRY--PERSONAL NAME | |
| Personal name | Mec B. |
| Dates associated with a name | Codice autore musica SPICS: 25466 |
| Relator term | Autore musica |
| Name of part/section of a work | Gdybys Byl Podniebnym Ptakiem - Dom. Pies I On |
| 9 (RLIN) | 25050 |
| 700 ## - ADDED ENTRY--PERSONAL NAME | |
| Personal name | Latalski M. |
| Dates associated with a name | Codice autore musica SPICS: 25467 |
| Relator term | Autore musica |
| Name of part/section of a work | Maly Szu - Liryczny Taniec |
| 9 (RLIN) | 25051 |
| 700 ## - ADDED ENTRY--PERSONAL NAME | |
| Personal name | Kurylo A. |
| Dates associated with a name | Codice autore testo/musica SPICS: 25489 |
| Relator term | Autore testo/musica |
| Name of part/section of a work | Maly Szu - Dom. Pies I On - Liryczny Taniec |
| 9 (RLIN) | 25052 |
| 700 ## - ADDED ENTRY--PERSONAL NAME | |
| Personal name | Masser M. |
| Dates associated with a name | Codice autore musica SPICS: 15522 |
| Relator term | Autore musica |
| Name of part/section of a work | Tonight I Celebrate My Love |
| 9 (RLIN) | 25053 |
| 700 ## - ADDED ENTRY--PERSONAL NAME | |
| Personal name | Pawlikowski A. |
| Dates associated with a name | Codice autore musica SPICS: 25468 |
| Relator term | Autore musica |
| Name of part/section of a work | Dom. Pies I On |
| 9 (RLIN) | 25054 |
| 700 ## - ADDED ENTRY--PERSONAL NAME | |
| Personal name | Gorny Z. |
| Dates associated with a name | Codice autore musica SPICS: 25408 |
| Relator term | Autore musica |
| Name of part/section of a work | W Drodze Do Fontainebleau |
| 9 (RLIN) | 25055 |
| 700 ## - ADDED ENTRY--PERSONAL NAME | |
| Personal name | Kopff A. |
| Dates associated with a name | Codice autore musica SPICS: 25067 |
| Relator term | Autore musica |
| Name of part/section of a work | Cos Smiesznego |
| 9 (RLIN) | 25056 |
| 700 ## - ADDED ENTRY--PERSONAL NAME | |
| Personal name | Kacperski W. |
| Dates associated with a name | Codice autore musica SPICS: 25432 |
| Relator term | Autore musica |
| Name of part/section of a work | Summer Nights |
| 9 (RLIN) | 25057 |
| 700 ## - ADDED ENTRY--PERSONAL NAME | |
| Personal name | Biel N. |
| Dates associated with a name | Codice autore SPICS: 25491 |
| Relator term | Autore |
| Name of part/section of a work | Summer Nights |
| 9 (RLIN) | 25058 |
| 942 ## - ADDED ENTRY ELEMENTS (KOHA) | |
| Koha item type | DISCHI |
| Source of classification or shelving scheme | Dewey Decimal Classification |
| Withdrawn status | Lost status | Damaged status | Not for loan | Home library | Current library | Date acquired | Total Checkouts | Full call number | Date last seen | Price effective from | Koha item type | Public note |
|---|---|---|---|---|---|---|---|---|---|---|---|---|
| Buone Condizioni | Not For Loan | SPICS-MEDIATECA | SPICS-MEDIATECA | 25/10/2013 | 73446 | 25/10/2013 | 25/10/2013 | DISCHI | Progr. Ins.: 17727 / N.Vol.: 1 / Copie: 1 - Copia rara: n.d. / date import: 01.01.2014 - By Epidotti, Trombetti, Vaglietti |